Normal view
MARC view
- Acarín Tusell, Nolasc,
Entry Nombre Personal
001 - NUMERO DE CONTROL
- campo de control: 42549
003 - IDENTIFICADOR DE NUMERO DE CONTROL
- campo de control: UPN
005 - FECHA Y HORA DE LA ÜLTIMA TRANSACCIÓN
- campo de control: 20210219194621.0
008 - DATOS DE LONGITUD FIJA
- campo de control de longitud fija: nabaccnnaabn|||||||||| b |nc|||||d
035 ## - NUMERO DE CONTROL
- Número de control: UPN11000014656
040 ## - FUENTE DE CATALOGACIÓN
- Lenguaje de catalogación: SPA
- Agencia de transcripción: UPN
100 1# - ENCABEZAMIENTO - NOMBRE PERSONAL
- Nombre personal: Acarín Tusell, Nolasc,
- Fechas asociadas con el nombre: 1941-
680 ## - NOTA PUBLICA DE ACCESO PÚBLICO
- Frase explicativa de la referencia: Médico español. Doctor en Medicina por la Universidad de Barcelona y especialista en Neurología, en Alzheimer y Parkinson
902 ## - CATALOGADOR
- Catalogador: EMR/090419
